Statistics for Balkan Music

Click here to take the quiz!

General Stats

  • This quiz has been taken 175 times
  • The average score is 7 of 15

Answer Stats

HintAnswer% Correct
ne moraš da budeš lep / da bi za mene bio praviCrno i zlatno
84%
neveran si otpadaš u startuMiki Milane
69%
od starice kupi cveće / ostavi joj neku paruZlatnik
68%
vatreni znak, na nebu jakRomale romali
66%
i na licu dve-tri boreKilo dole kilo gore
59%
crna ili plava bila / grešna si ma kakva bilaPlava ciganka
53%
počupaću bokore od lalaPolomiću čaše od kristala
51%
u gradu ljubavi kazna je biti samPariške kapije
46%
mesto pesme začućeš jaukeSrce je moje violina
46%
ispred kuće skupa kolaBela ciganka
44%
kuću proda zbog provoda / žene su mu modaMutivoda
42%
ajde hvali se još malo / ti neverna budaloKakvo tijelo Selma ima
36%
šeik silno blago nudiHej Šeki, Šeki
27%
đavo s tobom / mira ne daTelo vreteno
24%
nisi me videla od rođenja / samo si rekla doviđenja / ocu momMajko, sve ti opraštam
20%

Score Distribution

Percentile by Number Answered

Percent of People with Each Score

Your Score History

You have not taken this quiz